000 00197nam a2200085Ia 4500
008 120527s9999 xx 000 0 und d
100 _aDressler, et al
245 _aIntegrated mthematics
942 _cBK
999 _c27797
_d27797